Score 0/50 Timer 07:00
6 Plays Today
Hint Answer % Correct
Bordering GulfGulf of Mexico
98%
Primary Flag ColorRed
97.1%
Primary Flag Color Green
96.8%
Primary Flag ColorWhite
96.1%
Capital CityMexico City
95.3%
Largest CityMexico City
94.6%
Bordering CountryUnited States
92.9%
Bordering OceanPacific Ocean
90.5%
Primary LanguageSpanish
89%
Bordering OceanAtlantic Ocean
89%
Nationality (Demonym)Mexican
86.5%
Most Popular SportFootball (Soccer)
85.7%
Drives on the...Right
83.9%
Largest Religious DenominationRoman Catholic
83.8%
Primary ContinentNorth America
83.7%
CurrencyMexican Peso (MXN)
80.9%
Age of Suffrage18
80.4%
Independence FromSpain
78.7%
Bordering CountryGuatemala
78.4%
Bordering CountryBelize
75%
Internet Country Code.mx
63.4%
Most Popular Vacation Coastal CityCancún
55.3%
# of States31
54.9%
Bordering SeaCaribbean Sea
51.3%
Western PeninsulaBaja California Peninsula
50.9%
Hint Answer % Correct
National BirdGolden Eagle
49.7%
Olympic Host Year(s)1968
49.6%
Eastern PeninsulaYucatán Peninsula
46.9%
World Cup Host Year(s)1970 & 1986
46%
Third Largest CityGuadalajara
45.6%
Bordering GulfGulf of California
40.1%
Largest StateChihuahua
40%
Longest RiverRio Grande
39.4%
Most Famous Aztec RulerMoctezuma II
39.2%
Official NameUnited Mexican States
31.1%
PresidentAndrés Manuel López Obrador
27.3%
Second Largest CityEcatepec
27.3%
Fourth Largest CityPuebla
25.7%
Independence DaySeptember 16, 1810
24.1%
Fifth Largest CityCiudad Juarez
23.1%
Largest StadiumEstadio Azteca
21.7%
National AnthemMexicans, at the cry of war
15.2%
Father of the NationMiguel Hidalgo y Costilla
15%
Smallest StateTlaxcala
11.6%
Highest Point (5,700 m)Volcan Pico de Orizaba
9.5%
First Indigenous American SaintJuan Diego
8.2%
Largest DesertChihuahuan Desert
7.5%
Largest LakeLake Chapala
6.9%
Largest CathedralMetropolitan Cathedral of the Assumption of Mary
5.6%
Lowest Point (-10 m)Laguna Salada
5%
Remove Ads.
Support Sporcle.
Get the best of Sporcle when you Go Orange. This ad-free experience offers more features, more stats, and more fun while also helping to support Sporcle. Thank you for becoming a member.

You're not logged in!

Compare scores with friends on all Sporcle quizzes.
OR
Log In

Show Comments

Extras

Top Quizzes Today


Score Distribution

Your Account Isn't Verified!

In order to create a playlist on Sporcle, you need to verify the email address you used during registration. Go to your Sporcle Settings to finish the process.

Report this User

Report this user for behavior that violates our Community Guidelines.

Details: